Top 100 polskich utworów rapowych - Statystyki

Ogólne statystyki
  • Ten quiz został rozwiązany 217 razy
  • Średni wynik to 45 z 100
Statystyki odpowiedzi
Autor Utwór % Poprawnych
3. White 2115 California
95%
1. Tymek Język Ciała
87%
5. GrubSon Na szczycie
87%
2. Kizo Disney
85%
11. Kizo ft. Bletka Taxi
79%
10. Guzior ft. Oskar83 FALA
77%
8. Sobel Impreza
76%
7. Mata Kiss cam
74%
12. TACONAFIDE Tamagotchi
74%
30. Mata Patoreakcja
72%
53. Mata Patointeligencja
70%
42. Mata ft. Quebonafide, Malik Montana Papuga
68%
21. Mr. Polska Złote Tarasy
67%
4. Smolasty Duże Oczy
66%
19. Quebonafide ft. ReTo Half dead
66%
9. Tymek ft. Trill pem, TEDE Rainman
66%
20. ReTo UA
66%
6. Guzior BLUEBERRY
64%
18. Deemz x Bedoes x PlanBe Eldorado
64%
58. Ekipa ft. Jacuś ZYGZAK
64%
15. Tymek ft. Big Scythe, Deys Anioły i Demony
60%
61. Paktofonika Jestem Bogiem
60%
44. ReTo Papierosy_rmx
60%
23. Mata Schodki
59%
45. Qbik 4 Pory Roku
56%
16. ReTo Billy Kid
56%
22. Paluch Szaman
54%
13. Gibbs x Kiełas Piękny Świat
53%
47. chillwagon @
52%
34. Sarius Wiking
52%
28. Young Igi Bestia
51%
35. Quebonafide ft. Klaudia Szafrańska Candy
51%
49. Popek x Matheo Wodospady
51%
70. ReTo ft. Avi BMW
50%
56. Sobel Bandyta
49%
39. Guzior Płuca zlepione topami
49%
41. Quebonafide ft. Daria Zawiałow BUBBLETEA
48%
48. Szpaku Hinata
48%
36. Otsochodzi Nie, nie
48%
17. Tymek Poza kontrolą
48%
92. Young Leosia Szklanki
48%
27. Wiatr ft. be vis, Sobel Testarossa
47%
14. Paluch Bez Strachu
46%
69. Otsochodzi ft. Taco Hemingway Nowy Kolor
45%
24. BLACHA Casablanca
44%
80. MODELKI Chyba że z Tobą
44%
54. Miszel ft. Kabe Dres
44%
31. PRO8L3M Ground Zero
44%
82. Malik Montana & Mr. Polska Jagodzianki
44%
83. Young Leosia ft. Żabson Jungle Girl
44%
64. Malik Montana ft. K Koke Robię YEAH
44%
79. bambi, Young Leosia BFF
43%
40. Mata Szafir
43%
84. Alberto Dwutakt
42%
38. SB Maffija Lawenda
42%
29. BLACHA Mademoiselle
42%
62. ZBUKU ft. Śliwa, Sztoss Młoda krew
42%
33. K2 ft. Buka 1 Moment
41%
55. Zeamsone 5 INFLUENCEREK
40%
73. Young Igi Mówiłaś
40%
26. TACONAFIDE ft. Bedoes 2115 8 kobiet - Remix
39%
50. Malik Montana x DaChoyce Jetlag
39%
43. Smolasty & 730Huncho Pijemy Za Lepszy Czas
38%
51. Bedoes & Kubi Producent 05:05
36%
63. Szpaku #Hot16CHallange2
36%
86. ReTo ft. Quebonafide Sorry Dolores
36%
72. Kali 30km/h
34%
32. Paluch Gdybyś Kiedyś
32%
91. TACONAFIDE Kryptowaluty
32%
67. Alberto ft. Josef Bratan La Manga
32%
97. White 2115 Morgan
32%
95. Gibbs ft. Opał Drive
31%
81. Kabe Nad ranem
31%
76. Gedz Bali
30%
37. Kaen ft. Cheeba, WdoWA Zbyt wiele
30%
60. Chada Żyć aż do bólu
30%
75. Taco Hemingway Deszcz na betonie
29%
71. Taco Hemingway ft. Dawid Podsiadło W PIĄTKI LEŻE W WANNIE
29%
77. Żabson Floyd Mayweather
28%
90. schafter Hot coffee
28%
100. OKI Jakie To Uczucie?
28%
46. White 2115 Mogę Dziś Umierać
28%
88. be vis Surfer
28%
74. SB Maffija A nie pamiętasz jak?
27%
52. Magiera ft. Sobel Drobna zabawa
27%
98. PRO8L3M Molly
27%
57. MIYO ft. Tymek Bedzie lepiej
26%
65. Białas & Lanek Grill u Gawrona
26%
85. Kizo ft. Wac Toja Nasze Lato
26%
68. White 2115 RiRi
26%
99. Szpaku Oddajemy krew wampirom
23%
59. Gibbs Stan
23%
93. Gang Albanii Dla prawdziwych dam
21%
66. ReTo Blask
20%
94. MGNG COCO
20%
96. Bedoes 2115 & Lanek Nadchodzi Lato
20%
89. Taco Hemingway Polskie Tango
20%
78. Bedoes 2115 & Lanek VOGUE
18%
87. favst / gibbs ft. kukon halo
17%
25. Bedoes 2115 & Lanek Jesteś ładniejsza niż na zdjęciach (na zawsze)
15%
Nie znaleziono quizów pasujących do podanych kryteriów
Rozkład punktacji
Procent ludzi z każdym wynikiem
Percentyl według liczby udzielonych odpowiedzi
Twoja historia wyników
Nie rozwiązałeś tego quizu